000 00309nam a22001217a 4500
020 _a9789695623909
082 _a923.15491
100 _aDr. Nadeem Shafiq malik (Ed)
245 _aThe USA, Canada and The Quaid-i-Azam Muhammad ali Jinnah
260 _aLahore
_bFiction
_c2015
300 _a187p
942 _cBK
999 _c3070
_d3070